Normal view
MARC view
- Horner, R.
Entry Nombre Personal
001 - NUMERO DE CONTROL
- campo de control: 53335
003 - IDENTIFICADOR DE NUMERO DE CONTROL
- campo de control: MX-MxUPN
005 - FECHA Y HORA DE LA ÜLTIMA TRANSACCIÓN
- campo de control: 20240830105934.0
008 - DATOS DE LONGITUD FIJA
- campo de control de longitud fija: 240830|| acn||aabn | aaa d
040 ## - FUENTE DE CATALOGACIÓN
- Agencia original de catalogación: MX-MxUPN
- Lenguaje de catalogación: spa
- Agencia de transcripción: MX-MxUPN
100 1# - ENCABEZAMIENTO - NOMBRE PERSONAL
- Nombre personal: Horner, R.
373 ## - GRUPO ASOCIADO
- Associated group: Colegio de Friburgo (Suiza)
374 ## - OCUPACIÓN
- Occupation: Profesor de pedagogía
- Occupation: Rector
670 ## - FUENTE EN LA QUE SE LOCALIZARON DATOS
- Cita de la fuente: Guía práctica del maestro : nociones elementales de metodología, 1889 :
- Información localizada: portada (R. Horner. Profesor de pedagogía, rector del Colegio de Friburgo (Suiza))
902 ## - CATALOGADOR
- Catalogador: MaríaRobles/300824
